00469nam a2200193 a 4500001001300000003000900013005001700022008004100039020001000080082001300090100001600103245003200119260004000151300000800191500003500199505001300234650001200247700001600259nice12345678IN_TiNIC20260116014445.0050812s2000 chea grd 000 0 eng  ac13900a823bSCH aSchaffner,  aBoys from Brazil (video CD) aChennai bLilly Soosai Opset c2000 a00p aincludes index and biblioraphy2 aAppendix aFiction1 aSchaffner,